<?xml version="1.0" encoding="UTF-8"?>
<record
    xmlns:xsi="http://www.w3.org/2001/XMLSchema-instance"
    xsi:schemaLocation="http://www.loc.gov/MARC21/slim http://www.loc.gov/standards/marcxml/schema/MARC21slim.xsd"
    xmlns="http://www.loc.gov/MARC21/slim">

  <leader>     nam a22     7a 4500</leader>
  <datafield tag="999" ind1=" " ind2=" ">
    <subfield code="c">33422</subfield>
    <subfield code="d">33422</subfield>
  </datafield>
  <controlfield tag="005">20191206121633.0</controlfield>
  <controlfield tag="008">191206b        mx ||||| |||| 00| 0 spa d</controlfield>
  <datafield tag="020" ind1=" " ind2=" ">
    <subfield code="a">9684320108</subfield>
  </datafield>
  <datafield tag="050" ind1="0" ind2="4">
    <subfield code="a">PQ7296.J8</subfield>
    <subfield code="b">A6 1978</subfield>
  </datafield>
  <datafield tag="100" ind1="0" ind2=" ">
    <subfield code="a">Juana In&#xE9;s de la Cruz</subfield>
    <subfield code="c">Sor</subfield>
  </datafield>
  <datafield tag="245" ind1="1" ind2="0">
    <subfield code="a">Poes&#xED;a, teatro y prosa</subfield>
    <subfield code="c"> / Sor Juana In&#xE9;s de la Cruz ; edici&#xF3;n y pr&#xF3;logo de Antonio Castro Leal</subfield>
  </datafield>
  <datafield tag="250" ind1=" " ind2=" ">
    <subfield code="a">8a ed.</subfield>
  </datafield>
  <datafield tag="260" ind1=" " ind2=" ">
    <subfield code="a">M&#xE9;xico :</subfield>
    <subfield code="b">Porr&#xFA;a,</subfield>
    <subfield code="c">1978</subfield>
  </datafield>
  <datafield tag="300" ind1=" " ind2=" ">
    <subfield code="a">305 p. ;</subfield>
    <subfield code="c">19 cm.</subfield>
  </datafield>
  <datafield tag="490" ind1="0" ind2=" ">
    <subfield code="a">Colecci&#xF3;n de Escritores Mexicanos;</subfield>
    <subfield code="v">no. 1</subfield>
  </datafield>
  <datafield tag="600" ind1="0" ind2="4">
    <subfield code="a">Juana In&#xE9;s de la Cruz;</subfield>
    <subfield code="c">Sor</subfield>
    <subfield code="d">1651-1695</subfield>
    <subfield code="v">Antolog&#xED;a literaria</subfield>
  </datafield>
  <datafield tag="650" ind1=" " ind2="7">
    <subfield code="2">lemb</subfield>
    <subfield code="a">Literatura mexicana</subfield>
    <subfield code="y">Siglo XVII</subfield>
  </datafield>
  <datafield tag="650" ind1=" " ind2="7">
    <subfield code="2">lemb</subfield>
    <subfield code="a">Poes&#xED;a mexicana</subfield>
    <subfield code="y">Siglo XVII</subfield>
  </datafield>
  <datafield tag="650" ind1=" " ind2="7">
    <subfield code="2">lemb</subfield>
    <subfield code="a">Prosa mexicana</subfield>
    <subfield code="y">Siglo XVII</subfield>
  </datafield>
  <datafield tag="650" ind1=" " ind2="7">
    <subfield code="2">lemb</subfield>
    <subfield code="a">Teatro mexicano</subfield>
    <subfield code="y">Siglo XVII</subfield>
  </datafield>
  <datafield tag="700" ind1="1" ind2=" ">
    <subfield code="a">Castro Leal, Antonio</subfield>
    <subfield code="e">prologuista</subfield>
    <subfield code="e">editor</subfield>
  </datafield>
  <datafield tag="942" ind1=" " ind2=" ">
    <subfield code="2">lcc</subfield>
    <subfield code="c">LIB</subfield>
  </datafield>
  <datafield tag="952" ind1=" " ind2=" ">
    <subfield code="1">0</subfield>
    <subfield code="2">lcc</subfield>
    <subfield code="4">0</subfield>
    <subfield code="7">0</subfield>
    <subfield code="a">DEP-054</subfield>
    <subfield code="b">DEP-054</subfield>
    <subfield code="c">GENERAL</subfield>
    <subfield code="d">2019-12-06</subfield>
    <subfield code="e">DON</subfield>
    <subfield code="f">8a ed.</subfield>
    <subfield code="k">EH</subfield>
    <subfield code="o">PQ7296.J5 A6 1978</subfield>
    <subfield code="p">BUPB000000569</subfield>
    <subfield code="r">2019-12-06 00:00:00</subfield>
    <subfield code="t">1</subfield>
    <subfield code="v">1.00</subfield>
    <subfield code="y">LIB</subfield>
  </datafield>
</record>
